NFL Teams by Player - Statistics

General Stats
  • This quiz has been taken 50 times
  • The average score is 26 of 32
Answer Stats
Player Team % Correct
Patrick Mahomes Kansas City Chiefs
100%
Lamar Jackson Baltimore Ravens
98%
Josh Allen Buffalo Bills
98%
Joe Burrow Cincinnati Bengals
98%
Justin Herbert Los Angeles Chargers
95%
Matthew Stafford Los Angeles Rams
95%
Justin Jefferson Minnesota Vikings
93%
Saquon Barkley Philadelphia Eagles
93%
Myles Garrett Cleveland Browns
90%
CeeDee Lamb Dallas Cowboys
90%
T.J. Watt Pittsburgh Steelers
90%
Trevor Lawrence Jacksonville Jaguars
88%
Tyreek Hill Miami Dolphins
88%
Patrick Surtain II Denver Broncos
85%
Stefon Diggs New England Patriots
85%
Nico Collins Houston Texans
80%
Nick Bosa San Francisco 49ers
80%
Mike Evans Tampa Bay Buccaneers
80%
Amon-Ra St. Brown Detroit Lions
78%
Jayden Daniels Washington Commanders
78%
Trey McBride Arizona Cardinals
76%
Maxx Crosby Las Vegas Raiders
76%
Breece Hall New York Jets
73%
Jessie Bates III Atlanta Falcons
71%
Malik Nabers New York Giants
71%
Jaylon Johnson Chicago Bears
63%
Jeffery Simons Tennessee Titans
61%
Xavier McKinney Green Bay Packers
59%
Quenton Nelson Indianapolis Colts
59%
Devon Witherspoon Seattle Seahawks
59%
Derrick Brown Carolina Panthers
56%
Demario Davis New Orleans Saints
51%
No matching quizzes found
Score Distribution
Percent of People with Each Score
Percentile by Number Answered
Your Score History
You have not taken this quiz